Networking kỹ năng mềm quan trọng nhất
Networking là cuốn sách kỹ năng cần có để nhanh chóng thành công. Networking không chỉ giúp bạn học hỏi từ người bạn gặp trực tiếp; những lợi ích khác từ việc mở rộng mạng lưới quan hệ nói chung cũng rất đáng để bạn quan tâm. Có rất nhi...
Zapisane w:
| 1. autor: | |
|---|---|
| Kolejni autorzy: | |
| Format: | Książka |
| Język: | Vietnamese |
| Wydane: |
H.
Lao động
2019
|
| Wydanie: | Tái bản lần thứ 1 |
| Hasła przedmiotowe: | |
| Etykiety: |
Dodaj etykietę
Nie ma etykietki, Dołącz pierwszą etykiete!
|
| Thư viện lưu trữ: | Thư viện Trường Đại học Nam Cần Thơ |
|---|
| LEADER | 01458nam a22002177a 4500 | ||
|---|---|---|---|
| 001 | NCT_89326 | ||
| 008 | 210416b xxu||||| |||| 00| 0 vie d | ||
| 999 | |c 4403 |d 4403 | ||
| 020 | |a 9786049827761 |c 108000 | ||
| 082 | 0 | 4 | |2 23rd ed. |a 650.13 |b C18 |
| 100 | 1 | |a Connolly, Sharon | |
| 245 | 1 | 0 | |a Networking kỹ năng mềm quan trọng nhất |c Sharon Connolly ; Phạm huỳnh Thanh Như (dịch) |
| 250 | |a Tái bản lần thứ 1 | ||
| 260 | |a H. |b Lao động |c 2019 | ||
| 300 | |a 274 tr. |b hình vẽ |c 21cm | ||
| 520 | 3 | |a Networking là cuốn sách kỹ năng cần có để nhanh chóng thành công. Networking không chỉ giúp bạn học hỏi từ người bạn gặp trực tiếp; những lợi ích khác từ việc mở rộng mạng lưới quan hệ nói chung cũng rất đáng để bạn quan tâm. Có rất nhiều cách để các bạn trau dồi các kỹ năng mềm, học từ từ và học những kỹ năng mềm quan trọng trước, điều này sẽ giúp các bạn tự tin hơn tróng các mối quan hệ. | |
| 653 | |a Tham khảo | ||
| 700 | 1 | |a Phạm huỳnh Thanh Như |e Dịch | |
| 942 | |2 ddc |c BK | ||
| 952 | |0 0 |1 0 |2 ddc |4 0 |6 650_130000000000000_C18 |7 0 |9 21182 |a 000001 |b 000001 |d 2021-04-16 |o 650.13 C18 |p TK.02374 |r 2021-04-16 |v 108000.00 |w 2021-04-16 |y BK | ||
| 980 | |a Thư viện Trường Đại học Nam Cần Thơ | ||


